Para una visión cristiana del Islam (Registro nro. 44629)

Detalles MARC
000 -ENCABEZADO
Número de control [NR] 00860nam a2200253Ia 4500
008 - DE LONGITUD FIJA DE DATOS DE ELEMENTOS - INFORMACIÓN GENERAL
Elementos de longitud fija [NR] 130821s1995 sp gr spa
020 ## - NUMERO INTERNACIONAL NORMALIZADO PARA LIBROS [R]
Número Internacional Normalizado del libro [NR] 842931153x
040 ## - FUENTE DE CATALOGACION [NR]
Agencia de catalogación original [NR] Co-BoUCM
Idioma de catalogación [NR] spa
041 00 - CODIGO DE IDIOMA [R]
Código de idioma para texto/pista de sonido o título separado [R] Español
100 1# - ASIENTO PRINCIPAL--NOMBRE PERSONAL [NR]
Nombre personal [NR] Caspar, Robert
ID Autoridad 161606
245 10 - MENCION DE TITULO [NR]
Título [NR] Para una visión cristiana del Islam
Mención de responsabilidad, etc. [NR] Robert Caspar; traducción de Ricardo Sanchís Cueto
260 ## - PUBLICACION, DISTRIBUCION, ETC. (PIE DE IMPRENTA) [R]
Lugar de publicación, distribución, etc. [R] Bilbao (Vizcaya, España)
Nombre del editor, distribuidor, etc. [R] Editorial Sal Terrae
Fecha de publicación, distribución, etc. [R] 1995
300 ## - DESCRIPCION FISICA [R]
Extensión [R] 253 páginas
490 ## - MENCION DE SERIE [R]
Mención de serie [R] Colección Presencia Teológica
Designación numérica/secuencial del volumen [NR] 80.
504 ## - NOTA DE BIBLIOGRAFIA, ETC. [R]
Nota de bibliografía, etc. [NR]
650 04 - ASIENTO SECUNDARIO DE MATERIA - TERMINO TEMATICO [R]
Término temático o nombre geográfico como elemento de entrada [NR] Corán
9 (RLIN) 11987
650 04 - ASIENTO SECUNDARIO DE MATERIA - TERMINO TEMATICO [R]
Término temático o nombre geográfico como elemento de entrada [NR] Islamismo
9 (RLIN) 18035
650 04 - ASIENTO SECUNDARIO DE MATERIA - TERMINO TEMATICO [R]
Término temático o nombre geográfico como elemento de entrada [NR] Mahometanos
9 (RLIN) 18872
650 04 - ASIENTO SECUNDARIO DE MATERIA - TERMINO TEMATICO [R]
Término temático o nombre geográfico como elemento de entrada [NR] Moral islámica
9 (RLIN) 19757
700 1# - ASIENTO SECUNDARIO - NOMBRE PERSONAL [R]
Nombre personal [NR] Sanchis CUETO, Ricardo.
Término de relación [R]
9 (RLIN) 161607
765 10 - ASIENTO DE IDIOMA ORIGINAL [R]
Título [NR] Pour un regard chrétien sus l' islam.
942 ## - ELEMENTOS DE ENTRADA AGREGADOS (KOHA)
Tipo de ítem principal el descrito en 300a Libro
Tema principal Religión
Edición 1
Parte restante de la signatura top. C342p
Sistema de clasificación DEWEY
Clasificación 297
Existencias
Fecha de último préstamo Total préstamos Signatura topográfica Código de barras Última vez visto Ejemplar Price effective from Tipo de ítem Perdido Sistema de clasificación Dañado No prestable Tipo de ítem específico Suprimido Ubicación habitual Ubicación actual Localización Fecha de creación Forma de adquisición Costo
12/11/2013 6 297 C342p 100070477 09/12/2025 Ej.1 03/02/2013 Libro   DEWEY     Libro   Claustro Claustro 2do piso 28/02/2004 Compra 29500.00